[Event "EU-ch 13th"]
[Site "Plovdiv"]
[Date "2012.03.31"]
[Round "11"]
[White "Akopian, Vladimir Eduardovic"]
[Black "Khalifman, Alexander"]
[Result "1-0"]
[WhiteElo "2684"]
[BlackElo "2649"]
[Annotator "Ftacnik,L"]
[PlyCount "59"]
[EventDate "2012.03.20"]
[EventType "swiss"]
[EventRounds "11"]
[EventCountry "BUL"]
[SourceTitle "CBM 148"]
[Source "ChessBase"]
[SourceDate "2012.05.16"]
[SourceVersion "1"]
[SourceVersionDate "2012.05.16"]
[SourceQuality "1"]

1. e4 c5 2. Nf3 d6 3. d4 cxd4 4. Nxd4 Nf6 5. Nc3 a6 6. Be3 e6 7. f3 b5 8. Qd2
Nbd7 9. g4 {Both players are now able to attack the naturally located knights
with b4 or g5.} b4 10. Nce2 h6 {Topalov has done an excellent job of
propagating the early counterplay with the b-pawn advance in the Najdorf
Sicilian. The pawn on b4 is safe for a while, as d6-d5 would have been too
painful for White after 11.Qxb4.} 11. O-O-O Qc7 12. h4 d5 {Khalifman
understands that a flank attack can be efficiently countered by a blow in the
centre. The real trouble in this position lies in the fact that Black is
barely prepared for the opening of the position since the first player is much
better developed.} 13. Bf4 {One of the signs of modern timesis that the top
players work hard at home on discovering ideas or simply playable positions
that are not "worn out". If the attack along the b8-h2 diagonal works it would
be very dangerous for Black.} (13. Bg2 dxe4 14. g5 Nd5 (14... hxg5 15. hxg5
Rxh1 16. Bxh1 Nd5 17. Nf4 Nc3 18. bxc3 bxc3 19. Qe1 e5 20. Nd5 Qa5 21. Qxc3
Qxd5 22. Nc6 Qe6 23. fxe4 Bb7 $11 {1/2 (62) Pawnstriker1978 (2568)-Intagrand 
(2638) playchess.com INT 2007}) 15. g6 (15. fxe4 Nxe3 16. Qxe3 hxg5 17. hxg5
Rxh1 18. Rxh1 Ne5 19. Rh8 Bd7 $15 {0-1 (41) Smirnov,I (2505)-Leon Hoyos,M 
(2542) Cappelle la Grande 2009}) 15... N7b6 16. fxe4 Nc4 17. exd5 Nxd2 18.
gxf7+ Qxf7 19. dxe6 Bxe6 20. Bxa8 Nc4 21. Bc6+ Bd7 22. Rhf1 $14 {1-0 (32) King
Crusher,R (2686)-Hoshad,R (2664) playchess.com INT 2007}) 13... e5 14. Bh2 dxe4
15. g5 hxg5 {In any festival of dangerous positions the situation on the board
would have a chance for high place. Black must tread very carefully, as the
white pieces are ready to strike at any moment.} (15... exf3 16. Nxf3 (16. gxf6
fxe2 17. Bxe2 gxf6 18. Bh5 Rb8 19. Ne6 Qc4 20. Nxf8 {0-1 (90) Aroshidze,L 
(2537)-Banikas,H (2598) Kavala 2009} Qxa2 21. Qd6 Rxf8 22. Bg4 Qa1+ 23. Kd2 Qa4
$11) 16... Ng4 17. g6 f6 18. Ned4 Qb6 19. Bc4 exd4 20. Rhe1+ Kd8 21. Nxd4 $18 {
1-0 (32) Szabo,K (2518)-Kislik,E (2314) Budapest 2009}) 16. hxg5 Rxh2 {Killing
the most dangerous attacking piece is a well known defensive measure, even
though here it does cost an exchange. The defender could not have afforded to
wait for a bishop strike on the e5-square.} (16... exf3 17. Bxe5 $1 Nxe5 18.
Rxh8 fxe2 19. Qxe2 Bg4 20. Qg2 Rd8 21. gxf6 gxf6 22. Be2 $16) 17. Rxh2 exd4 (
17... e3 18. Qxe3 Nd5 19. Qe4 Bb7 20. Nb3 Nc3 21. Rxd7 Nxe2+ 22. Rxe2 Kxd7 23.
Qf5+ Kc6 24. f4 $16) 18. Rh4 $5 $146 {[%mdl 4] Finally Akopian shows, why he
plays this line with modest history of success for White. The rook is ready to
strike along the 4th rank against the black king which is still uncomfortably
centralised.} (18. Nxd4 Nd5 19. Re1 Bb7 20. Rxe4+ Ne7 21. Nf5 Bxe4 22. Nd6+ Kd8
23. fxe4 Ng6 24. Nxf7+ Ke8 25. Nh8 Qf4 26. Bh3 Nde5 $17 {0-1 (49) Szabo,K 
(2547)-Shomoev,A (2570) Moscow 2012}) 18... Ng4 $1 {In sharp positions the
incredible can easily become a norm. Khalifman had a very difficult choice
between many different ideas with one flaw - none of them seems to promise
full equality. The move of the knight escapes the gxf6 threat and hopes to win
a tempo.} (18... exf3 19. gxf6 fxe2 20. Qxe2+ Ne5 (20... Kd8 $2 21. Rhxd4 $18)
21. Bg2 Rb8 22. Bc6+ Bd7 23. Bxd7+ Kxd7 24. Rhxd4+ Ke6 25. Qxa6+ Qc6 26. Qxc6+
Nxc6 27. fxg7 Nxd4 28. gxf8=N+ Rxf8 29. Rxd4 Rb8 $14) (18... d3 19. gxf6 Nxf6
20. Nd4 Bc5 21. Rh8+ Ke7 22. Bxd3 exd3 23. Qe3+ Kd7 24. Rxd3 Qd6 25. Qg5 Bxd4
26. Rh4 $14) (18... Nc5 19. gxf6 b3 20. Kb1 bxa2+ 21. Kxa2 d3 22. cxd3 exf3 23.
Nd4 gxf6 24. Nxf3 $14) 19. Nxd4 (19. Rxg4 Nc5 20. Rh4 d3 21. Nd4 Bb7 $11) 19...
Nge5 (19... exf3 $2 20. Rxg4 Nc5 21. Qe3+ $18) 20. Rxe4 Bb7 21. Ree1 {The rook
has joined the rest of the white army on the natural square e1 via a very
original path!} O-O-O 22. f4 Ng6 $6 {Black must have been reasonably content
with the outcome of the opening battle. His king is reasonable safe and his
pieces can start to breathe and create threats. The knight's retreat back to
the kingside was not compulsory.} (22... Nc4 $5 23. Qf2 Ndb6 24. Nb3 Bd6 25.
Rd4 Kb8 $15) 23. Bh3 Kb8 (23... Nxf4 $2 24. Bxd7+ Rxd7 (24... Qxd7 25. Qxf4 $18
) 25. Re8+ Rd8 26. Nb5 $18) 24. Bxd7 Rxd7 (24... Qxd7 $2 25. f5 Nh8 26. Nb5
Qxd2+ 27. Rxd2 Rc8 28. Nd6 Bxd6 29. Rxd6 $16) 25. Re8+ Ka7 $2 (25... Bc8 26.
Rxf8 {Black had to eliminate the worst danger at last after several moves with
the possibility that at some instance he may fail. Khalifman did not like the
little combination with 26.Rxf8, but the king's step to the side is simply
worse.} (26. f5 Bc5 $17) (26. Nc6+ $2 Kb7 27. Na5+ Kb6 28. Nc4+ Qxc4 29. Rxc8
Rxd2 30. Rxc4 Rxd1+ 31. Kxd1 Bd6 $15) 26... Nxf8 27. Qxb4+ Ka8 28. Qxf8 Rd8 29.
Qxg7 Qxf4+ 30. Kb1 Bg4 31. Qh6 Rd6 32. Qh1+ Kb8 33. Nc6+ Rxc6 34. Qxc6 Bxd1 35.
Qb6+ Kc8 36. Qxa6+ $11) 26. Nb5+ $1 (26. f5 Rd5 (26... Bc5 27. Nb5+ axb5 28.
Qxd7 $18) 27. fxg6 Bc5 28. Qe3 fxg6 29. Re4 $16) 26... axb5 27. Qxd7 {The
picture is suddenly quite sad, as the defender's forces are scattered,
demoralised and under fierce attack.} Qxf4+ (27... Kb6 28. Qxc7+ Kxc7 29. f5
Bc6 30. Rde1 Bxe8 31. Rxe8 $18) 28. Kb1 Qxg5 (28... Ka6 29. Ree1 Bf3 30. Rf1
Qg4 31. Qxf7 Bxd1 32. Qxg6+ Ka5 33. Qd3 Be2 34. Qe3 $18) 29. Qc7 {White's
major pieces dominate the central files and the black king is doomed.} Ka6 30.
Rxf8 (30. Rxf8 Nxf8 31. Rd6+ Ka7 32. Qb6+ Kb8 33. Rd8+ $18) 1-0

[Event "FIDE-Wch"]
[Site "San Luis"]
[Date "2005.09.28"]
[Round "1"]
[White "Leko, Peter"]
[Black "Topalov, Veselin"]
[Result "0-1"]
[WhiteElo "2763"]
[BlackElo "2788"]
[Annotator "Ftacnik,L"]
[PlyCount "80"]
[EventDate "2005.09.28"]
[EventType "tourn"]
[EventRounds "14"]
[EventCountry "ARG"]
[EventCategory "20"]
[SourceTitle "CBM 110"]
[Source "ChessBase"]
[SourceDate "2006.01.31"]
[SourceVersion "1"]
[SourceVersionDate "2006.01.31"]
[SourceQuality "1"]

1. e4 c5 2. Nf3 d6 3. d4 cxd4 4. Nxd4 Nf6 5. Nc3 a6 6. f3 e6 7. Be3 b5 8. Qd2
b4 9. Na4 Nbd7 $146 {[%mdl 4] Topalov has prepared a very sharp line at home,
that is very risky.} (9... Bd7 $1 $13) 10. O-O-O (10. Bc4 Qa5 11. b3 Bb7 12. a3
d5 13. exd5 Nxd5 14. O-O Nxe3 15. Qxe3 Qe5 16. Qd2 Qd6 17. f4 bxa3 18. Rad1 Nb6
19. Qa5 Nxc4 20. bxc4 Qb4 21. Qxb4 Bxb4 22. Rb1 O-O-O {0-1 Ewaldt,M-Ftacnik,L/
Hamburg 2005/ (31)}) 10... d5 11. exd5 (11. Bf4 Bb7 12. e5 Nh5 13. b3 Nxf4 14.
Qxf4 Nc5 15. Nxc5 Bxc5 16. Qd2 Qb6 17. Kb1 a5 18. Bb5+ Kf8 19. Ba4 Rc8 20. f4
Bxd4 21. Qxd4 Qxd4 22. Rxd4 Bc6 23. Bxc6 Rxc6 24. a3 Rb6 25. axb4 axb4 26. Kb2
Ke7 27. Ra1 Rc8 28. Ra4 Rbc6 29. Rd2 Rb6 30. Ra7+ Kf8 31. g3 Ke8 32. Ra4 Kd7
33. Rd4 {1/2-1/2 Teo Wei Xing-Wee, Singapore 2004}) 11... Nxd5 12. Bc4 N7f6 (
12... Bb7 13. Rhe1 Qa5 14. Nxe6 fxe6 15. Bb6 Qxa4 16. Bxd5 Be7 17. Bxb7 Nxb6
18. Rxe6 O-O 19. Rxe7 Qxa2 20. Qd4 Rf6 21. Bxa8 {1-0 Wang Hao-Nava,R/Instanbul
2005/}) 13. Bg5 Qc7 (13... Bb7 14. Rhe1 Be7 15. Nf5 $1 O-O 16. Bxd5 Bxd5 17.
Nxe7+ Qxe7 18. Nb6 Rad8 19. Nxd5 Rxd5 20. Qxd5 $18) 14. Bxd5 {White could have
contemplated also other dangerous idea 14.Qe2!?} (14. Qe2 $5 Bd6 $1 15. Nxe6 (
15. Nf5 Bf4+ 16. Kb1 Bxg5 17. Bxd5 Rb8) 15... Bxe6 16. Bxf6 (16. Bxd5 $2 Nxd5
17. Rxd5 O-O $19) 16... Nxf6 17. Bxe6 Bf4+ 18. Kb1 fxe6 19. Qxe6+ Kf8 20. g3
Bh6 $13) 14... Nxd5 15. Rhe1 Bb7 16. Qe2 Qd6 17. Kb1 (17. f4 $1 $40 Nxf4 18.
Qg4 Nd5 19. Nxe6 $18) 17... h6 18. Bh4 Nf4 19. Qf2 Qc7 20. Nf5 $2 {The opening
experiment by black has failed and white could have capitalized on his
centralized pieces with the winning jump 20.Nb6!} (20. Nb6 $1 $40 Rb8 $8 (20...
Qxb6 21. Nxe6 Qxf2 (21... Qxe6 22. Qa7 $3 $18) 22. Nxg7#) 21. Nf5 Bc6 22. Qd4
Rg8 (22... Ng6 23. Bg3 Qxb6 24. Qxb6 Rxb6 25. Bc7 $18) 23. Nc4 $5 g5 24. Bg3
Rd8 25. Ncd6+ Bxd6 26. Nxd6+ Rxd6 (26... Kf8 27. Bxf4 gxf4 28. Rxe6 $18) 27.
Qxd6 Qxd6 28. Rxd6 $18) 20... g5 $1 21. Bg3 Rc8 22. Qd4 (22. Rd2 Rd8 23. Bxf4
gxf4 24. Rxd8+ Qxd8 25. Nc5 Bd5 $14) 22... Rg8 23. c3 $2 {Leko played very
badly in time trouble and transformed the position into difficult ending.} (23.
Qf2 $1) 23... Rd8 24. Qxd8+ (24. Qe3 Bc6 $17) 24... Qxd8 25. Rxd8+ Kxd8 $17 26.
Ne3 Bc6 27. Nb6 bxc3 28. bxc3 Bg7 29. Bxf4 gxf4 30. Nd1 Bb5 31. a4 Bd3+ 32. Kc1
Kc7 33. a5 Bh8 34. Kd2 Bb5 35. Rg1 Bc6 36. Ke2 Be5 37. c4 Bd4 38. Nf2 Bc3 39.
Ne4 Bxa5 40. c5 f5 0-1

[Event "GER-ch 75th"]
[Site "Hoeckendorf"]
[Date "2004.02.07"]
[Round "9"]
[White "Kritz, Leonid"]
[Black "Wegener, Olaf"]
[Result "1-0"]
[WhiteElo "2534"]
[BlackElo "2404"]
[Annotator "Ftacnik,L"]
[PlyCount "63"]
[EventDate "2004.01.30"]
[EventType "swiss"]
[EventRounds "9"]
[EventCountry "GER"]
[SourceTitle "CBM 100"]
[Source "ChessBase"]
[SourceDate "2004.06.01"]
[SourceVersion "1"]
[SourceVersionDate "2004.06.01"]
[SourceQuality "1"]

1. e4 c5 2. Nf3 d6 3. d4 cxd4 4. Nxd4 Nf6 5. Nc3 a6 6. Be3 e6 7. f3 b5 8. g4
Nfd7 9. Qd2 Nb6 10. O-O-O N8d7 11. Qf2 Bb7 12. Bd3 Rc8 13. Nce2 Qc7 14. Kb1 Nc5
15. g5 Nba4 16. Rd2 b4 {Black is conciously playing only in the center and on
the queenside. White will have to get some activity on the kingside in order
to compensate for his problems around the king on b1.} (16... d5 17. e5 b4 18.
f4 g6 19. h4 Nb6 20. h5 Rg8 21. Rdd1 Nc4 22. hxg6 hxg6 23. Bc1 Ne4 24. Qf3 Bc5
25. Rh7 {1-0 Andreev,E-Panarin,M/Krasnodar 2002/ (58)}) 17. h4 Qb8 (17... g6
18. h5 Bg7 19. Bb5+ $1 $14) 18. Ka1 Nxd3 (18... e5 19. Nb3 Nxd3 20. cxd3 d5 21.
exd5 Bxd5 22. d4 Be7 23. Rhd1 O-O $13) 19. cxd3 Nc5 (19... d5 20. e5 h6 21. f4
hxg5 22. fxg5 $13) 20. h5 a5 (20... d5 $5 21. e5 a5 22. Bf4 Ba6 23. Qe3 Qb6 $14
) 21. Rhd1 g6 (21... d5 22. e5 Ba6 23. f4 $11) 22. f4 Bxe4 $2 {It is
ungrateful to criticize such a spirited combination, but black will be
punished by a great attacking idea by Kritz.} (22... d5 $1 23. e5 Ba6 (23...
gxh5 24. Qh4 h6 25. Qxh5 Ba6 26. g6 $14) 24. Qh4 Bg7 $13) 23. dxe4 Nxe4 24. Qh4
(24. Qe1 Nxd2 25. Qxd2 gxh5 26. Qd3 $14) 24... Nxd2 25. hxg6 Nc4 (25... fxg6
26. Rxd2 e5 27. Qh3 Be7 28. Ne6 $16) 26. gxf7+ Kxf7 (26... Kd7 27. Qh3 $1 Nxe3
28. Qxe3 $18) 27. g6+ $1 {[%mdl 128] Wegener has clearly underestimated the
lack of defenders around his own king.} hxg6 (27... Kxg6 $2 28. Qg4+ Kf7 29.
Qxe6+ Kg7 30. Nf5#) (27... Ke8 28. Qf6 hxg6 29. Qxg6+ Kd7 30. Qxe6+ Kd8 31.
Qf6+ Ke8 32. Qxh8 Nxe3 33. Qh5+ Kd8 34. Qf7 Be7 35. Rh1 $18) 28. Qxh8 Bg7 (
28... Nxe3 29. Qh7+ Ke8 (29... Bg7 30. Rg1 $18) (29... Kf6 30. Rg1 $18) 30.
Qxg6+ Kd8 31. Rh1 $18) 29. Qh3 Re8 30. Rg1 Qd8 (30... Nxe3 31. Qxe3 Qd8 32. Nb5
d5 33. Qc5 $18) 31. Bf2 Qf6 32. Qd3 (32. Bh4 Rh8 33. Rh1 Rxh4 34. Qxh4 Qxh4 35.
Rxh4 $18) (32. Qd3 Rc8 33. Bh4 g5 34. Bxg5 Qg6 35. f5 exf5 36. Nf4 Qh7 37. Qf3
$18) 1-0

[Event "EU-Cup 19th"]
[Site "Rethymno"]
[Date "2003.10.02"]
[Round "5.2"]
[White "Svidler, Peter"]
[Black "Bologan, Viktor"]
[Result "1-0"]
[WhiteElo "2723"]
[BlackElo "2650"]
[Annotator "Ftacnik,L"]
[PlyCount "77"]
[EventDate "2003.09.28"]
[EventType "team-swiss"]
[EventRounds "7"]
[EventCountry "GRE"]
[SourceTitle "CBM 098"]
[Source "ChessBase"]
[SourceDate "2004.02.03"]
[SourceVersion "1"]
[SourceVersionDate "2004.02.03"]
[SourceQuality "1"]
[WhiteTeam "Paris NAO"]
[BlackTeam "Kazan Ladya"]
[WhiteTeamCountry "FRA"]
[BlackTeamCountry "RUS"]

1. e4 c5 2. Nf3 d6 3. d4 cxd4 4. Nxd4 Nf6 5. Nc3 a6 6. f3 e6 7. Be3 Be7 8. g4
Nc6 9. Qd2 O-O 10. O-O-O Nxd4 11. Qxd4 Nd7 12. g5 $6 {In retrospect Svidler
was not too happy about this line, since with best play black's chances are
even more promising.} Bxg5 (12... b5 13. h4 Bb7 (13... Rb8 14. Kb1 b4 15. Ne2
Ne5 16. f4 Nc6 17. Qd2 a5 18. h5 a4 19. Bg2 {1-0 Pinol Fulgoni,F-Weindl,A/
Switzerland 2002/ (36)}) 14. Qd2 Qa5 15. Kb1 b4 16. Ne2 d5 17. Nc1 Ne5 18. Nb3
Qa4 19. Qg2 Rfc8 {1/2-1/2 Prelog,S-Nikolic,S/Slovenia 1991/ (23)}) 13. Rg1 (13.
Bxg5 Qxg5+ 14. Kb1 Ne5 15. Qxd6 Nc6 16. Be2 Rd8 17. Qc7 Kf8 18. f4 Qe7 19. Qb6
Bd7 20. Na4 Qb4 21. Qxb4+ Nxb4 22. Nb6 {1-0 Marxen,P-Homuth,M/Kropp 1993/ (43)}
) (13. f4 Be7 14. Rg1 g6 $15) 13... e5 $6 (13... Bxe3+ 14. Qxe3 Ne5 $1 (14...
Qe7 15. Qd2 (15. f4 b5 16. Bd3 Nc5 17. e5 Nxd3+ 18. Rxd3 dxe5 19. fxe5 f6 $13)
(15. Qh6 g6 16. Qd2 Ne5 17. Rg3 Rd8 18. f4 Nc6 19. Rd3 $13) 15... Ne5 16. Rg3
Rd8 $15) 15. f4 Ng6 16. e5 d5 17. f5 (17. Bd3 d4 18. Qh3 f5 19. exf6 Qxf6 20.
Ne2 e5 21. fxe5 Qxe5 22. Qg3 $11) 17... exf5 18. Nxd5 Qh4 $1 $15) 14. Bxg5 (14.
Qd2 Bxe3 15. Qxe3 Nf6 16. Qg5 g6 17. f4 $13) 14... exd4 15. Bxd8 dxc3 16. Be7 (
16. Ba5 cxb2+ 17. Kxb2 Nc5 18. Rxd6 Be6 $13) 16... cxb2+ 17. Kxb2 Re8 18. Bxd6
g6 19. Rg5 {White enjoys bishops pair and a better development.} (19. h4 Nf6
$14) 19... Nf8 20. Rc5 Ne6 21. Rc3 Bd7 22. Be5 Bc6 23. Bf6 $1 Rec8 24. Bc4 $6 (
24. Rd6 Ng7 $14) 24... Nc5 $1 25. Re3 (25. Kc1 $2 Bxe4 $1 26. Bd4 Na4 27. Bxf7+
Kxf7 28. Rxc8 Rxc8 29. fxe4 $11) 25... Na4+ $6 {Bologan is missing a chance to
win a tempo with timely 25...b5! with good survival prospects.} (25... Nd7 $6
26. Bd4 Bxe4 27. Bb3 $1 Bc6 28. Re7 Rf8 29. Be3 $1 $18) (25... b5 $1 26. Bd5
Na4+ 27. Kc1 Nb6 28. Bb3 $14) 26. Kc1 b5 27. Bb3 Nb6 28. Rd4 Be8 (28... Nc4 $5
29. Bxc4 bxc4 30. Rxc4 Bb5 $14) 29. f4 Rc6 (29... Nd7 30. Bh4 Nc5 31. Bd5 Bc6
32. f5 $14) 30. e5 Rac8 31. f5 Nc4 32. Re2 (32. Rh3 $5 Na5 33. Rxh7 $3 Nxb3+
34. Kb1 Rxf6 35. Rdh4 Nd2+ 36. Ka1 $18) 32... R6c7 (32... Na5 33. Bd5) 33. fxg6
fxg6 34. e6 Rc6 (34... Rc5 35. Rd7 $1 R5c7 36. Bxc4 bxc4 37. Red2 $18) 35. Bg5
$6 (35. Rd7 $1 $18) 35... Kg7 $2 {Both players have ignored the key attacking
trick, but now Svidler has got the message...} (35... Rc5 36. h4 Rf5 $14) 36.
Rd7+ $1 Kg8 37. Bh6 Nd6 (37... Rc5 38. Rg7+ Kh8 39. Rf2 Rf5 40. Rxf5 gxf5 41.
Rf7 $18) 38. Rxd6 Rxd6 39. Rf2 (39. Rf2 Bc6 40. e7+ $18) 1-0

[Event "Bundesliga 0405"]
[Site "Germany"]
[Date "2005.02.12"]
[Round "10.2"]
[White "Acs, Peter"]
[Black "Sedlak, Nikola"]
[Result "1/2-1/2"]
[WhiteElo "2521"]
[BlackElo "2521"]
[Annotator "Ftacnik,L"]
[PlyCount "88"]
[EventDate "2004.11.12"]
[EventType "team-tourn"]
[EventRounds "15"]
[EventCountry "GER"]
[SourceTitle "CBM 106"]
[Source "ChessBase"]
[SourceDate "2005.06.06"]
[SourceVersion "1"]
[SourceVersionDate "2005.06.06"]
[SourceQuality "1"]
[WhiteTeam "Eppingen"]
[BlackTeam "Stuttgart"]
[WhiteTeamCountry "GER"]
[BlackTeamCountry "GER"]

1. e4 c5 2. Nf3 d6 3. d4 cxd4 4. Nxd4 Nf6 5. Nc3 a6 6. f3 e6 7. Be3 b5 8. Qd2
Nbd7 9. g4 Nb6 10. Qf2 Nfd7 11. O-O-O Bb7 12. Bd3 Rc8 13. Nce2 Nc5 14. Kb1 Nba4
15. Bc1 Qc7 16. Ng3 d5 17. e5 $5 {[%mdl 4] This sacrifice of the central pawn
aims to win time for active play, otherwise black can reasonably claim to have
solved the opening problems.} (17. Rhe1 dxe4 18. Nxe4 Nxd3 19. Rxd3 Bb4 20.
Red1 O-O 21. a3 Bc5 22. Nxc5 Qxc5 23. Be3 Qc7 24. Bc1 Rfd8 25. g5 Qc4 26. Qd2
Bd5 {0-1 Almasi,Z-Gelfand,B/Monte Carlo 2003/ (46)}) 17... Qxe5 18. Rhe1 Qc7 (
18... Nxd3 19. Rxd3 Qc7 20. Nh5 Nc5 21. Rdd1 $15) 19. Nh5 (19. Ngf5 g6 20. Nh6
e5 $17) 19... Qb6 20. Qe3 $1 {Sedlak finds it hard to complete the development
of the kingside, his king in the center doesn't feel very safe.} Nd7 (20...
Nxd3 21. Rxd3 Nc5 22. Nf5 g6 23. Nf6+ Kd8 24. Qg5 $14) 21. Bf5 (21. Qg5 Qxd4
22. Rxe6+ fxe6 23. Bxh7 Qf6 24. Nxf6+ gxf6 25. Qg6+ Kd8 26. h4 $13) 21... g6 (
21... h6 22. Qd2 Ndc5 23. b4 Ne4 24. fxe4 Nc3+ 25. Ka1 Nxd1 26. exd5 $13) 22.
Bxe6 $1 {Opening the access to the king at a cost of one piece.} fxe6 23. Qf4
Nac5 (23... e5 24. Rxe5+ Nxe5 25. Qxe5+ Kf7 26. Qxh8 gxh5 27. Qxh7+ Bg7 28. Nf5
Qf6 29. g5 $18) 24. Nf6+ Kd8 (24... Nxf6 25. Qxf6 Rg8 26. Nxe6 Be7 27. Ng7+
Rxg7 28. Qxb6 $18) 25. Nxd7 Kxd7 26. Qf7+ Be7 $8 (26... Kd6 27. Bf4+ e5 28.
Bxe5#) (26... Kd8 27. Bg5+) 27. b4 Rcf8 (27... Na4 28. Rxe6 Nc3+ 29. Ka1 Qd8
30. Bf4 Nxd1 31. Rd6+ Kc7 32. Ne6+ $18) 28. bxc5 $6 {White is loosing courage
to play consequently for an advantage. It was much more unpleasant to continue
with 28.Qg7! preserving the tension on the board.} (28. Qg7 $1 Rhg8 (28... Ne4
29. fxe4 Rhg8 30. Qxh7 Rh8 31. Qxg6 $16) 29. Qxh7 Rh8 (29... Na4 30. Rxe6 Nc3+
31. Ka1 Qxe6 32. Nxe6 Nxd1 33. Nc5+ Kd6 34. Bf4+ $18) 30. bxc5 Rxh7 31. cxb6
Rxh2 32. Rxe6 $16) 28... Rxf7 29. cxb6 Bc5 (29... e5 30. Rxe5 Bc5 31. Ne6 Bxb6
32. Ng5 Re7 $11) 30. Nxe6 Bxb6 31. Ng5 (31. f4 Re8 $11) 31... Re7 32. Rxe7+
Kxe7 33. Bb2 d4 34. Re1+ (34. Bxd4 Bxd4 35. Rxd4 Rf8 (35... h6 36. Nf7 Kxf7 37.
Rd7+ Kf6 38. Rxb7 Kg5 39. Rb6 $14) 36. Nxh7 Rxf3 $11) 34... Kd7 35. f4 Rf8 36.
Ba3 b4 {For some unknown reason Sedlak decided to give up the b pawn,
otherwise Acs would have had to accept the perpetual.} (36... Rxf4 37. Re7+ Kc8
38. Re8+ Kd7 39. Re7+ $11) 37. Bxb4 Rxf4 38. Re7+ (38. Nxh7 Bd5 $132) 38... Kc8
39. Re8+ Kd7 40. Re7+ Kc8 41. Re8+ Kd7 42. Re6 Rf1+ 43. Kb2 Bd8 44. Rd6+ Kc8 (
44... Kc8 45. Ne6 Be7 46. Rb6 Bf6 $15) 1/2-1/2